000 00298nam a22001337a 4500
008 170728b xxu||||| |||| 00| 0 eng d
020 _a9783540638803
041 _ager
080 _a004
100 _a31
101 _aSHK
245 _aFELDBUS-SYSTEME IN DER PRAXIS
_cSCHERFF,B
942 _2udc
_cBK
999 _c22091
_d22091